[Event "XXVI Miedzynarodowy Festiwal Szachowy w Poznaniu - OPEN A"]
[Site "Poznan"]
[Date "2018-08-23"]
[Round "6.1"]
[White "Chojnacki, Krzysztof "]
[Black "Koziak, Vitali "]
[Result "0-1"]
[WhiteTitle ""]
[BlackTitle ""]
[WhiteElo "2352"]
[BlackElo "2476"]

1. d4 d5 2. c4 e6 3. Nc3 Be7 4. cxd5 exd5 5. Bf4 c6 6. e3 Bf5 7. g4 Be6 8. h3 Nf6
9. Bd3 c5 10. Nge2 Nc6 11. Kf1 O-O 12. Kg2 a6 13. Rc1 c4 14. Bb1 b5 15. Ng3 Bd6
16. Bxd6 Qxd6 17. g5 Nd7 18. Qh5 g6 19. Qh6 f5 20. h4 Nd8 21. h5 Nf7 22. hxg6
Nxh6 23. Rxh6 f4 24. Nf5 f3+ 25. Kf1 Rxf5 26. Bxf5 Nf8 27. gxh7+ Kh8 28. Bxe6
Nxe6 29. Ke1 b4 30. Na4 Qe7 31. Kd2 Nxg5 32. Rg1 Ne4+ 0-1

[Event "XXVI Miedzynarodowy Festiwal Szachowy w Poznaniu - OPEN A"]
[Site "Poznan"]
[Date "2018-08-23"]
[Round "6.3"]
[White "Kulon, Klaudia "]
[Black "Kacprzak, Karol"]
[Result "1-0"]
[WhiteTitle ""]
[BlackTitle ""]
[WhiteElo "2355"]
[BlackElo "1799"]

1. c4 c5 2. g3 Nf6 3. Bg2 d5 4. cxd5 Nxd5 5. Nc3 Nc7 6. d3 Nc6 7. Bxc6+ bxc6 8.
Qa4 Bd7 9. Nf3 Nd5 10. Ne4 e6 11. O-O Be7 12. Qc2 Qb6 13. Ne5 f6 14. Nxd7 Kxd7
15. Bd2 Rab8 16. b3 f5 17. Ng5 Bxg5 18. Bxg5 h6 19. Bd2 g5 20. e4 Nc7 21. Be3
Na6 22. Qc3 Rbf8 23. exf5 exf5 24. d4 Qb4 25. Qd3 Qb5 26. Qd2 c4 27. bxc4 Qxc4
28. d5 Qxd5 29. Qc3 Kc8 30. Rfd1 Qe4 31. Qa5 Nc7 32. Qxa7 Rd8 33. Bb6 Qe5 34.
Bxc7 Qxc7 35. Qa8+ Qb8 36. Qxc6+ Qc7 37. Qa8+ Qb8 38. Rac1# 1-0

[Event "XXVI Miedzynarodowy Festiwal Szachowy w Poznaniu - OPEN A"]
[Site "Poznan"]
[Date "2018-08-23"]
[Round "6.4"]
[White "Plichta, Kamil "]
[Black "Vesely, Vitek"]
[Result "1-0"]
[WhiteTitle ""]
[BlackTitle ""]
[WhiteElo "2337"]
[BlackElo "2081"]

1. d4 Nf6 2. Bg5 e6 3. e4 c5 4. d5 h6 5. Bxf6 Qxf6 6. Nc3 a6 7. Nf3 d6 8. dxe6
Bxe6 9. Be2 Nc6 10. O-O g5 11. Nd5 Qd8 12. c3 Bg7 13. Ne1 O-O 14. Nc2 b5 15. Nce3
Ne7 16. Bg4 Bxd5 17. Nxd5 Nxd5 18. Qxd5 Rb8 19. Rad1 b4 20. Rd3 bxc3 21. bxc3
Qa5 22. Bh5 Qb6 23. g3 Qb7 24. Qf5 Rbe8 25. Rd5 Re5 26. Rxe5 Bxe5 27. f4 gxf4
28. gxf4 Bxc3 29. Rf3 Bd4+ 30. Kg2 Qe7 31. Rg3+ Kh8 32. Be2 Qf6 33. Qxf6+ Bxf6
34. Bxa6 Rg8 35. Bc4 Rxg3+ 36. hxg3 Kg7 37. a4 Bd8 38. Kf3 Kf6 39. Ke3 Ke7 40.
Kd3 f6 41. Bd5 Bb6 42. Kc4 Kd7 43. Kb5 Kc7 44. a5 Ba7 45. Ka6 Kb8 46. Be6 Ka8
47. g4 Kb8 48. Bd5 c4 49. Bxc4 Be3 50. f5 Kc7 51. Bd5 Bf2 52. Kb5 Be3 53. a6 Bf2
54. Kc4 Be3 55. Kb5 Bf2 56. Bc4 Be3 57. Bd3 Ba7 58. Bc4 Kd7 59. Bd5 Kc7 60. Bb7
d5 61. e5 fxe5 62. Bxd5 Kd6 63. Be4 Bf2 64. Kc4 Ba7 65. Kd3 Bb8 66. Bf3 Ba7 67.
Ke4 Bb8 68. Be2 Ke7 69. Kd5 Kf6 70. Bd3 Ba7 71. Kc6 Bf2 72. Kb7 Kg5 73. a7 1-0

[Event "XXVI Miedzynarodowy Festiwal Szachowy w Poznaniu - OPEN A"]
[Site "Poznan"]
[Date "2018-08-23"]
[Round "6.5"]
[White "Malyovanyi, Yulian "]
[Black "Zakrzewski, Marek"]
[Result "1/2-1/2"]
[WhiteTitle ""]
[BlackTitle ""]
[WhiteElo "2188"]
[BlackElo "2333"]

1. e4 e5 2. Nf3 Nc6 3. d4 exd4 4. Nxd4 Nf6 5. Nxc6 bxc6 6. Bd3 d5 7. e5 Nd7 8.
O-O Be7 9. f4 O-O 10. Nd2 f5 11. Nb3 Nc5 12. Be3 Ne6 13. c4 d4 14. Bd2 Rb8 15.
Qc2 Nc5 16. Nxc5 Bxc5 17. a3 Be6 18. b4 Be7 19. c5 Qd5 20. Rac1 Qb3 21. Rf3 Qxc2
22. Rxc2 Rfd8 23. Bc4 Kf7 24. Rd3 Rd7 25. Kf2 Rbd8 26. Ba6 h6 27. Bc4 1/2-1/2

[Event "XXVI Miedzynarodowy Festiwal Szachowy w Poznaniu - OPEN A"]
[Site "Poznan"]
[Date "2018-08-23"]
[Round "6.6"]
[White "Orzechowski, Jacek "]
[Black "Schmidt, Wlodzimierz "]
[Result "1/2-1/2"]
[WhiteTitle ""]
[BlackTitle ""]
[WhiteElo "2131"]
[BlackElo "2258"]

1. c4 g6 2. g3 Bg7 3. Bg2 c5 4. Nc3 Nc6 5. Nf3 e6 6. O-O Nge7 7. e3 O-O 8. d4 cxd4
9. Nxd4 d5 10. cxd5 Nxd4 11. exd4 1/2-1/2

[Event "XXVI Miedzynarodowy Festiwal Szachowy w Poznaniu - OPEN A"]
[Site "Poznan"]
[Date "2018-08-23"]
[Round "6.7"]
[White "Khamitskiy, Sergei "]
[Black "Kus, Aleksander"]
[Result "1-0"]
[WhiteTitle ""]
[BlackTitle ""]
[WhiteElo "2233"]
[BlackElo "1844"]

1. d4 Nf6 2. c4 g6 3. Nc3 Bg7 4. e4 d6 5. h3 O-O 6. Nf3 e5 7. d5 Nh5 8. g3 Na6
9. Be3 f5 10. exf5 gxf5 11. Ng5 Nf6 12. Qd2 Qe8 13. Be2 Nc5 14. O-O-O h6 15. Nf3
Nfe4 16. Nxe4 Nxe4 17. Qc2 c6 18. g4 cxd5 19. Rxd5 Be6 20. Rdd1 Rc8 21. Nh4 b5
22. Kb1 Bxc4 23. Bxc4+ Rxc4 24. Qe2 f4 25. Bc1 Qc6 26. Nf5 Re8 27. g5 hxg5 28.
Qh5 Re6 29. Rhg1 Nc3+ 30. bxc3 Qe4+ 31. Kb2 Qxf5 32. Rxg5 Qf7 33. Qg4 Re7 34.
Rxd6 Qf8 35. Qh5 Qe8 36. Qxe8+ Rxe8 37. Rd7 1-0

[Event "XXVI Miedzynarodowy Festiwal Szachowy w Poznaniu - OPEN A"]
[Site "Poznan"]
[Date "2018-08-23"]
[Round "6.8"]
[White "Garbowski, Jakub "]
[Black "Jaroch, Karol"]
[Result "1/2-1/2"]
[WhiteTitle ""]
[BlackTitle ""]
[WhiteElo "2129"]
[BlackElo "2222"]

1. e4 e6 2. d4 d5 3. Nd2 dxe4 4. Nxe4 Nd7 5. Nf3 Ngf6 6. Bd3 Nxe4 7. Bxe4 Nf6 8.
Bd3 c5 9. Be3 Qc7 10. Qe2 a6 11. O-O-O b5 12. dxc5 Bxc5 13. Bxc5 Qxc5 14. Ne5
Bb7 15. Rhe1 Bd5 16. g4 Rd8 17. Kb1 Nd7 18. h4 Nb6 19. g5 Na4 20. Qg4 1/2-1/2

[Event "XXVI Miedzynarodowy Festiwal Szachowy w Poznaniu - OPEN A"]
[Site "Poznan"]
[Date "2018-08-23"]
[Round "6.9"]
[White "Raczynski, Krzysztof "]
[Black "Norov, Artem "]
[Result "1/2-1/2"]
[WhiteTitle ""]
[BlackTitle ""]
[WhiteElo "2111"]
[BlackElo "1905"]

1. e4 d5 2. exd5 Qxd5 3. Nc3 Qd6 4. d4 Nf6 5. Nf3 Bg4 6. h3 Bh5 7. g4 Bg6 8. Ne5
c6 9. h4 Nd5 10. Nxd5 Qxd5 11. f3 f6 12. Nxg6 hxg6 13. Bd3 f5 14. Be3 Nd7 15.
c4 Qa5+ 16. Qd2 Qxd2+ 17. Kxd2 e6 18. Kc3 Kf7 19. Rae1 Bd6 20. Bg5 Nf6 21. Re2
Rae8 22. gxf5 gxf5 23. f4 g6 24. Rhe1 Nh5 25. Rf2 Nf6 1/2-1/2

[Event "XXVI Miedzynarodowy Festiwal Szachowy w Poznaniu - OPEN A"]
[Site "Poznan"]
[Date "2018-08-23"]
[Round "6.10"]
[White "Niedbala, Wojciech "]
[Black "Zadymov, Ihor"]
[Result "1/2-1/2"]
[WhiteTitle ""]
[BlackTitle ""]
[WhiteElo "1914"]
[BlackElo "2102"]

1. d4 Nf6 2. Bf4 c5 3. e3 b6 4. Nf3 Bb7 5. Nbd2 g6 6. c3 Bg7 7. Bd3 O-O 8. O-O
d6 9. Qe2 Nh5 10. Bg5 h6 11. Bh4 Nd7 12. Ba6 Bxa6 13. Qxa6 g5 14. Bg3 Qc8 15.
Qxc8 Raxc8 16. Rac1 f5 17. h3 e5 18. dxe5 dxe5 19. e4 f4 20. Bh2 c4 21. Rfd1 Rfd8
22. Kf1 Kf7 23. Ke2 Ke6 24. Ne1 Nhf6 25. f3 h5 26. Nc2 Bf8 27. Bg1 Be7 28. Bf2
b5 29. Rb1 a5 30. Ne1 Bc5 31. Nf1 Bxf2 32. Kxf2 g4 33. Rd2 Nc5 34. Ke2 Rxd2+ 35.
Nxd2 gxh3 36. gxh3 Rg8 37. Nf1 h4 38. Rd1 Nh5 39. Kf2 Nf6 40. Ke2 Rg7 41. Rd8
Rb7 42. Nd2 Na4 43. Ra8 Nxb2 44. Rxa5 Na4 45. Nb1 Ne8 46. Ra8 Nd6 47. Rh8 b4 48.
Rh6+ Ke7 49. Rh7+ Nf7 50. Kd2 b3 51. axb3 Rxb3 52. Kc2 Rb2+ 53. Kc1 Re2 54. Kd1
Rb2 55. Kc1 1/2-1/2

[Event "XXVI Miedzynarodowy Festiwal Szachowy w Poznaniu - OPEN A"]
[Site "Poznan"]
[Date "2018-08-23"]
[Round "6.11"]
[White "Sobczak, Miroslaw"]
[Black "Nowak, Mikolaj "]
[Result "1/2-1/2"]
[WhiteTitle ""]
[BlackTitle ""]
[WhiteElo "1955"]
[BlackElo "2101"]

1. e4 c6 2. d4 d5 3. Nc3 dxe4 4. Nxe4 Bf5 5. Ng3 Bg6 6. h4 h6 7. f4 e6 8. Nf3 Nd7
9. h5 Bh7 10. Bd3 Bxd3 11. Qxd3 Ngf6 12. Bd2 Qc7 13. O-O-O Be7 14. Kb1 Rd8 15.
Qe2 O-O 16. Ne5 c5 17. Bc1 cxd4 18. Rxd4 Nxe5 19. Rxd8 Rxd8 20. fxe5 Nd5 21. Nf1
Rc8 22. Nh2 Qb6 23. Qf3 Qc7 24. Qe2 Qc4 25. Re1 Qxe2 26. Rxe2 Rc4 27. Nf3 Rg4
28. Bd2 Bg5 29. b3 b5 30. a3 Bxd2 31. Rxd2 Kf8 32. Nd4 Rg5 33. Nxb5 a6 34. c4
axb5 35. cxd5 Rxe5 36. dxe6 fxe6 37. Kc2 1/2-1/2

[Event "XXVI Miedzynarodowy Festiwal Szachowy w Poznaniu - OPEN A"]
[Site "Poznan"]
[Date "2018-08-23"]
[Round "6.12"]
[White "Bajerlein, Dawid "]
[Black "Duszczak, Dariusz"]
[Result "1/2-1/2"]
[WhiteTitle ""]
[BlackTitle ""]
[WhiteElo "2062"]
[BlackElo "1845"]

1. d4 f5 2. Nf3 Nf6 3. c4 e6 4. Nc3 Bb4 5. Bd2 O-O 6. g3 d5 7. Bg2 c6 8. a3 Bd6
9. Bf4 Bxf4 10. gxf4 Nbd7 11. Ne5 dxc4 12. Nxc4 Nd5 13. e3 b6 14. Ne5 Nxe5 15.
fxe5 Ba6 16. Qa4 Nxc3 17. bxc3 Bb5 18. Qb3 Qe7 19. c4 Ba6 20. O-O Bb7 21. f4 Kh8
22. a4 g5 23. Rad1 Rg8 24. Kh1 Rg6 25. d5 cxd5 26. cxd5 gxf4 27. exf4 Rag8 28.
Bf3 Qh4 29. Qe3 Qh3 30. Qf2 Bxd5 31. Bxd5 exd5 32. Rg1 Qh5 33. Rde1 Rxg1+ 34.
Rxg1 Rxg1+ 35. Kxg1 Qg4+ 36. Kf1 Kg7 37. a5 Qh3+ 38. Kg1 Qg4+ 39. Kf1 Qd1+ 40.
Kg2 d4 41. axb6 axb6 42. Qg3+ Qg4 43. Kf2 Qxg3+ 44. hxg3 Kf7 45. Ke2 Ke6 46. Kd3
Kd5 47. Kc2 h5 48. Kd3 b5 49. Kc2 b4 50. Kc1 Ke6 51. Kc2 1/2-1/2

[Event "XXVI Miedzynarodowy Festiwal Szachowy w Poznaniu - OPEN A"]
[Site "Poznan"]
[Date "2018-08-23"]
[Round "6.13"]
[White "Rozumek, Krzysztof "]
[Black "Golek-schild, Jagoda "]
[Result "1/2-1/2"]
[WhiteTitle ""]
[BlackTitle ""]
[WhiteElo "1848"]
[BlackElo "2033"]

1. Nf3 c5 2. b3 d5 3. Bb2 Nc6 4. e3 Nf6 5. Bb5 Bg4 6. h3 Bd7 7. Bxc6 Bxc6 8. Ne5
Qc7 9. O-O g6 10. c4 Bg7 11. Qc2 O-O 12. Nxc6 Qxc6 13. d3 Rad8 14. Nd2 d4 15.
exd4 cxd4 16. Rfe1 Rfe8 17. b4 e5 18. f3 Nh5 19. Nf1 f5 20. c5 Kh8 21. a4 Nf4
22. Rad1 Rc8 23. Qb3 Qf6 24. Bc1 Ne6 25. Re2 Qd8 26. Bd2 Qd7 27. a5 Nc7 28. Rde1
Nd5 29. f4 Re6 30. fxe5 Rce8 31. Kh1 f4 32. Re4 Bxe5 33. Nh2 Bg7 34. Rxe6 Rxe6
35. Rxe6 Qxe6 36. Nf3 Qd7 37. b5 Nc7 38. c6 bxc6 39. bxc6 Qxc6 40. Qb8+ Ne8 41.
Bxf4 a6 42. Be5 Kg8 43. Nxd4 Bxe5 44. Qxe5 Qd7 45. Qc5 Nc7 46. Qc4+ Kg7 47. Nc6
Nb5 48. d4 Nc7 49. Nb4 Qd6 50. Qc3 Nb5 1/2-1/2

[Event "XXVI Miedzynarodowy Festiwal Szachowy w Poznaniu - OPEN A"]
[Site "Poznan"]
[Date "2018-08-23"]
[Round "6.14"]
[White "Bednarska-bzdega, Malgorzata "]
[Black "Glatty, Zbigniew "]
[Result "1/2-1/2"]
[WhiteTitle ""]
[BlackTitle ""]
[WhiteElo "1984"]
[BlackElo "1828"]

1. e4 e5 2. Nc3 Nc6 3. Bc4 Nf6 4. d3 Bc5 5. f4 exf4 6. Bxf4 d6 7. Nf3 Bg4 8. h3
Bxf3 9. Qxf3 Ne5 10. Bxe5 dxe5 11. O-O-O Qe7 12. g4 Rf8 13. h4 c6 14. Rdf1 Nd7
15. Ne2 f6 16. Ng3 g6 17. h5 O-O-O 18. Rh3 Qg7 19. hxg6 hxg6 20. Rfh1 Rh8 21.
Kd2 Rxh3 22. Rxh3 Rh8 23. Qh1 Rxh3 24. Qxh3 Bf8 25. g5 fxg5 26. Be6 Kc7 27. Qg4
Nc5 28. Bc4 b5 29. Bb3 Qf6 30. Ne2 a5 31. c3 a4 32. Bd1 Ne6 33. a3 Bc5 34. Qh3
Nf4 35. Qh7+ Qe7 36. Qxe7+ Bxe7 37. Ng1 Nh5 38. Nh3 Bf8 39. d4 Kd6 40. Ke3 Nf6
41. Nf2 g4 42. Bxg4 Bh6+ 43. Kd3 Bc1 44. Bf3 Bxb2 1/2-1/2

[Event "XXVI Miedzynarodowy Festiwal Szachowy w Poznaniu - OPEN A"]
[Site "Poznan"]
[Date "2018-08-23"]
[Round "6.15"]
[White "Wojdak, Jan"]
[Black "Michalski, Karol "]
[Result "1/2-1/2"]
[WhiteTitle ""]
[BlackTitle ""]
[WhiteElo "1818"]
[BlackElo "1983"]

1. e4 c5 2. Nf3 g6 3. d4 cxd4 4. Nxd4 Bg7 5. c4 Nc6 6. Be3 Nf6 7. Nc3 Ng4 8. Qxg4
Nxd4 9. Qd1 e5 10. f4 d6 11. Bxd4 exd4 12. Nd5 O-O 13. Bd3 Qh4+ 14. g3 Qh3 15.
Qd2 Bg4 16. Kf2 Be6 17. Ke2 Bxd5 18. cxd5 Rac8 19. Rac1 a6 20. Rxc8 Rxc8 21. Rc1
Bf6 22. Kd1 Rxc1+ 23. Kxc1 1/2-1/2

[Event "XXVI Miedzynarodowy Festiwal Szachowy w Poznaniu - OPEN A"]
[Site "Poznan"]
[Date "2018-08-23"]
[Round "6.16"]
[White "Leskiewicz, Ignacy "]
[Black "Pawlowski, Rafal "]
[Result "1-0"]
[WhiteTitle ""]
[BlackTitle ""]
[WhiteElo "1964"]
[BlackElo "1791"]

1. e4 e6 2. d4 d5 3. Nd2 c5 4. exd5 Qxd5 5. Ngf3 Nf6 6. Bc4 Qd6 7. O-O cxd4 8.
Re1 Nc6 9. Ne4 Nxe4 10. Rxe4 Be7 11. Nxd4 f5 12. Bf4 e5 13. Nxc6 Qxd1+ 14. Rxd1
fxe4 15. Nxe5 Bf6 16. Nf7 Rf8 17. Nd6+ Ke7 18. Nxe4 Rd8 19. Re1 Kf8 20. Nxf6 Bf5
21. Nd5 Bxc2 22. Nc7 1-0

[Event "XXVI Miedzynarodowy Festiwal Szachowy w Poznaniu - OPEN A"]
[Site "Poznan"]
[Date "2018-08-23"]
[Round "6.17"]
[White "Huchwajda, Lukasz"]
[Black "Janicki, Rafal "]
[Result "1-0"]
[WhiteTitle ""]
[BlackTitle ""]
[WhiteElo "1945"]
[BlackElo "1800"]

1. Nf3 d5 2. c4 d4 3. b4 e6 4. Bb2 c5 5. e3 dxe3 6. fxe3 cxb4 7. d4 Nf6 8. Bd3
Nc6 9. O-O Qc7 10. e4 e5 11. d5 Bc5+ 12. Kh1 Nd4 13. Nxd4 exd4 14. Bc1 Ng4 15.
g3 h5 16. Bf4 Qe7 17. h4 Ne3 18. Qe1 f6 19. e5 Nxf1 20. Bg6+ Kd8 21. Qxf1 Bd7
22. Nd2 Be8 23. Bf5 Bd7 24. e6 g5 25. hxg5 fxg5 26. Be5 Rh6 27. Ne4 Bxe6 28. Bxe6
Rxe6 29. dxe6 Qxe6 30. Nxg5 Qc6+ 31. Kh2 Kd7 32. Qf5+ Kd8 33. Ne6+ Ke8 34. Rf1
Be7 35. Nc7+ Kd8 36. Nxa8 Qxc4 37. Bc7+ Ke8 38. Qc8+ 1-0

[Event "XXVI Miedzynarodowy Festiwal Szachowy w Poznaniu - OPEN A"]
[Site "Poznan"]
[Date "2018-08-23"]
[Round "6.18"]
[White "Kaluzny, Lukasz"]
[Black "Wloch, Mikolaj "]
[Result "1/2-1/2"]
[WhiteTitle ""]
[BlackTitle ""]
[WhiteElo "1943"]
[BlackElo "1772"]

1. d4 d5 2. Nf3 Nf6 3. Bf4 Bf5 4. e3 e6 5. Bd3 Bxd3 6. Qxd3 Nbd7 7. Nbd2 c5 8.
c3 Be7 9. h3 Qb6 10. Rb1 h6 11. Qe2 Qa5 12. a3 c4 13. O-O b5 14. Ne5 Qb6 15. Nxd7
Nxd7 16. Qg4 g5 17. Bg3 h5 18. Qe2 f5 19. f3 Nf6 20. Be5 Rh6 21. e4 dxe4 22. fxe4
f4 23. Bxf6 Bxf6 24. e5 Be7 25. Qf3 Rd8 26. Ne4 Kd7 27. h4 Rg6 28. hxg5 Bxg5 29.
Nc5+ Kc7 30. Qxh5 Rdg8 31. Ne4 Qc6 32. Rbe1 Qd7 33. Re2 Rh6 34. Qg4 Rh4 35. Qf3
Qh7 36. Kf2 Rh1 37. Ke1 Rxf1+ 38. Qxf1 Be7 39. Kd2 Qh4 40. Qf3 Qh2 41. Kc2 a5
42. g3 Qg1 43. Qxf4 Rf8 44. Nf6 b4 45. cxb4 axb4 46. axb4 Bxb4 47. Qe3 Qa1 48.
Qh6 Qa4+ 49. Kc1 Qa1+ 50. Kc2 Qa4+ 51. Kc1 Qa1+ 52. Kc2 1/2-1/2

[Event "XXVI Miedzynarodowy Festiwal Szachowy w Poznaniu - OPEN A"]
[Site "Poznan"]
[Date "2018-08-23"]
[Round "6.19"]
[White "Szuminski, Marek "]
[Black "Roszkiewicz, Anna"]
[Result "1/2-1/2"]
[WhiteTitle ""]
[BlackTitle ""]
[WhiteElo "1942"]
[BlackElo "1750"]

1. d4 Nf6 2. c4 e6 3. Nc3 Bb4 4. e3 O-O 5. Nge2 d5 6. a3 Be7 7. Nf4 b6 8. cxd5
Nxd5 9. Ncxd5 exd5 10. Bd3 Bb7 11. b4 Nd7 12. Bb2 Nf6 13. Rc1 Bd6 14. Ne2 Qe7
15. Ng3 g6 16. b5 Bxa3 17. Bxa3 Qxa3 18. Rxc7 Rac8 19. Rxc8 Rxc8 20. O-O Rc3 21.
Be2 Bc8 22. Qa1 Bd7 23. h3 Qxa1 24. Rxa1 Rb3 25. Rxa7 Bxb5 26. Bf3 Bc4 27. e4
Rd3 28. Rb7 b5 29. e5 Ne8 30. Ne2 Rxf3 31. gxf3 Bxe2 32. f4 Kf8 33. f3 Ng7 34.
Rb8+ Ne8 35. Kf2 Bc4 36. Ke3 h5 37. f5 gxf5 38. Kf4 h4 1/2-1/2

[Event "XXVI Miedzynarodowy Festiwal Szachowy w Poznaniu - OPEN A"]
[Site "Poznan"]
[Date "2018-08-23"]
[Round "6.20"]
[White "Lesien, Przemyslaw "]
[Black "Nadstoga, Wojciech "]
[Result "0-1"]
[WhiteTitle ""]
[BlackTitle ""]
[WhiteElo "1793"]
[BlackElo "1928"]

1. e4 d6 2. d4 Nf6 3. Nc3 g6 4. Nf3 Bg7 5. Be2 O-O 6. h3 c6 7. Be3 b5 8. a3 Qc7
9. O-O a6 10. Qc1 Re8 11. Bh6 Bh8 12. Qf4 e5 13. dxe5 dxe5 14. Qh4 Nbd7 15. Be3
Nf8 16. Ng5 Bg7 17. Kh1 h6 18. Nf3 g5 19. Nxg5 hxg5 20. Qxg5 Ng6 21. h4 Nh7 22.
Qg3 Nf4 23. h5 Kh8 24. Qh2 f5 25. Bf3 Ng5 26. exf5 Bxf5 27. Bxc6 Qxc6 28. Bxf4
exf4 29. Qxf4 Bxc3 30. bxc3 Qf6 31. f3 Ne6 32. Qh2 Bxc2 33. g4 Bd3 34. Rf2 Nf4
35. Rg1 Qg5 36. Rd2 Re2 0-1

[Event "XXVI Miedzynarodowy Festiwal Szachowy w Poznaniu - OPEN A"]
[Site "Poznan"]
[Date "2018-08-23"]
[Round "6.21"]
[White "Simon, Marek "]
[Black "Szafranski, Maciej "]
[Result "0-1"]
[WhiteTitle ""]
[BlackTitle ""]
[WhiteElo "1902"]
[BlackElo "1425"]

1. d4 d5 2. c4 e6 3. Nc3 Nf6 4. Nf3 Be7 5. Bf4 O-O 6. e3 a6 7. h3 Nbd7 8. c5 c6
9. Bd3 b6 10. b4 a5 11. a3 Bb7 12. O-O h6 13. Qe2 b5 14. Bc2 Ra6 15. Qd3 Re8 16.
Ne5 Nf8 17. g4 Qa8 18. Rab1 axb4 19. axb4 Ra3 20. f3 g5 21. Bg3 Kg7 22. Qd2 N6d7
23. f4 f6 24. Nf3 Ng6 25. Qd3 Ndf8 26. fxg5 hxg5 27. h4 gxh4 28. Nxh4 Nxh4 29.
Bxh4 Qd8 30. Bg3 Qd7 31. Rf2 Rd8 32. g5 f5 33. Rg2 Ng6 34. Bf4 Rh8 35. Rb3 Rxb3
36. Bxb3 Rh3 37. Ne2 Qe8 38. Qd2 Nh4 39. Qa2 Nxg2 40. Kxg2 Rh7 41. Qa7 Qc8 42.
Bd1 Kg6 43. Ng3 Bxg5 44. Bh5+ Rxh5 45. Nxh5 Kxh5 46. Kf3 Bxf4 47. exf4 Qd7 48.
Qb8 Bc8 49. Qa8 Qe8 50. Qa1 Kh6 51. Ke3 Kg7 52. Qa7+ Bd7 53. Qc7 Qf7 54. Qe5+
Kh7 55. Qb8 Be8 56. Qc8 Qg6 57. Qc7+ Kh6 58. Qe7 Qg3+ 59. Kd2 Qxf4+ 60. Kc3 Qc1+
61. Kd3 Qc4+ 62. Ke3 f4+ 63. Kf3 Bh5+ 64. Kg2 Qe2+ 65. Kg1 Qe3+ 66. Kg2 f3+ 67.
Kh1 Qe1+ 68. Kh2 Qf2+ 69. Kh3 Qg2+ 70. Kh4 Qg4# 0-1

[Event "XXVI Miedzynarodowy Festiwal Szachowy w Poznaniu - OPEN A"]
[Site "Poznan"]
[Date "2018-08-23"]
[Round "6.22"]
[White "Grochowski, Michal "]
[Black "Kozlowska, Marzena "]
[Result "1/2-1/2"]
[WhiteTitle ""]
[BlackTitle ""]
[WhiteElo "1781"]
[BlackElo "1901"]

1. e4 e6 2. b3 d5 3. Bb2 dxe4 4. Nc3 Nf6 5. Qe2 Nc6 6. Nxe4 Nxe4 7. Qxe4 Qd5 8.
Qxd5 exd5 9. O-O-O Be6 10. Nf3 h6 11. Bb5 O-O-O 12. Bxc6 bxc6 13. Rde1 Rg8 14.
Ne5 Kb7 15. f4 Bd6 16. Rhf1 Bxe5 17. Bxe5 g6 18. Bd4 Rde8 19. Re3 Bd7 20. Rfe1
Rxe3 21. Rxe3 Re8 22. Rxe8 Bxe8 23. d3 Bd7 24. Kd2 a5 25. a4 h5 26. Ke3 Be6 27.
Kd2 Ka6 28. h3 Kb7 29. Ke3 1/2-1/2

[Event "XXVI Miedzynarodowy Festiwal Szachowy w Poznaniu - OPEN A"]
[Site "Poznan"]
[Date "2018-08-23"]
[Round "6.23"]
[White "Kacprzak, Kacper "]
[Black "Stachowiak, Slawomir "]
[Result "1/2-1/2"]
[WhiteTitle ""]
[BlackTitle ""]
[WhiteElo "1768"]
[BlackElo "1872"]

1. e4 e5 2. Nf3 Nc6 3. d4 exd4 4. Bc4 Be7 5. Nxd4 d6 6. c3 Nf6 7. f3 O-O 8. O-O
Nxd4 9. Qxd4 b6 10. Kh1 Bb7 11. Rd1 Qe8 12. Bg5 Rd8 13. Bb3 Nd7 14. Bxe7 Qxe7
15. c4 Qh4 16. Nc3 g6 17. Bc2 Ne5 18. b3 Rd7 19. Ne2 Re7 20. Ng3 f6 21. Rd2 h5
22. Rf1 Rfe8 23. Qf2 Qf4 24. Rd4 Qh4 25. Nf5 Qg5 26. Nxe7+ Rxe7 27. Rdd1 h4 28.
h3 Qf4 29. Qd2 Qg5 1/2-1/2

[Event "XXVI Miedzynarodowy Festiwal Szachowy w Poznaniu - OPEN A"]
[Site "Poznan"]
[Date "2018-08-23"]
[Round "6.24"]
[White "Kozlowski, Tomasz"]
[Black "Hoffmann, Piotr"]
[Result "1-0"]
[WhiteTitle ""]
[BlackTitle ""]
[WhiteElo "1858"]
[BlackElo "1649"]

1. e4 c6 2. d4 d5 3. e5 Bf5 4. g4 Bg6 5. h4 h5 6. e6 Qd6 7. exf7+ Bxf7 8. g5 Nd7
9. Bh3 Be6 10. Qe2 Bxh3 11. Nxh3 O-O-O 12. Bf4 Qg6 13. Nc3 e5 14. Bxe5 Nxe5 15.
dxe5 Bb4 16. O-O-O Bxc3 17. bxc3 Qf5 18. f4 Ne7 19. Qe3 Kb8 20. Rhf1 Nc8 21. Qd3
Qf8 22. Ng1 Qa3+ 23. Kd2 Nb6 24. Rb1 Nc4+ 25. Ke2 Nb2 26. Qd2 Nc4 27. Qd3 Nb2
28. Qg3 d4 29. f5 d3+ 30. cxd3 Rxd3 31. Rf3 Rhd8 32. e6+ Ka8 33. Rxd3 Nxd3 34.
Rd1 Qxa2+ 35. Kf1 Qa5 36. c4 Qxf5+ 37. Kg2 Nf4+ 38. Qxf4 Qc2+ 39. Kg3 Qxd1 40.
Nf3 Re8 41. Qe5 a6 42. c5 1-0

[Event "XXVI Miedzynarodowy Festiwal Szachowy w Poznaniu - OPEN A"]
[Site "Poznan"]
[Date "2018-08-23"]
[Round "6.25"]
[White "Kupsik, Joanna "]
[Black "Poltorak, Sebastian"]
[Result "1/2-1/2"]
[WhiteTitle ""]
[BlackTitle ""]
[WhiteElo "1732"]
[BlackElo "1854"]

1. e4 c6 2. d4 d5 3. Nd2 dxe4 4. Nxe4 Bf5 5. Ng3 Bg6 6. Nf3 Nd7 7. h4 h6 8. h5
Bh7 9. Bd3 Bxd3 10. Qxd3 e6 11. Bd2 Ngf6 12. O-O-O Be7 13. Kb1 Qc7 14. Ne4 Nxe4
15. Qxe4 Nf6 16. Qe2 O-O-O 17. c3 Bd6 18. Ne5 Bxe5 19. dxe5 Nd5 20. c4 Ne7 21.
g4 c5 22. Bc3 Nc6 23. Qe3 b6 24. Kc2 Qb7 25. Rhe1 Qc7 26. a3 Rxd1 27. Rxd1 Rd8
28. Qe4 Rxd1 29. Kxd1 Qd8+ 30. Ke2 Kc7 31. Qf3 Qe7 32. Qd3 Qd8 33. Qd6+ Kb7 34.
Qxd8 Nxd8 35. Ke3 Nc6 36. f4 Ne7 37. Ke4 g6 38. g5 Nf5 39. hxg6 fxg6 40. gxh6
Nxh6 41. b4 Kc6 42. Bd2 a6 43. Be1 Nf7 1/2-1/2

[Event "XXVI Miedzynarodowy Festiwal Szachowy w Poznaniu - OPEN A"]
[Site "Poznan"]
[Date "2018-08-23"]
[Round "6.27"]
[White "Polarczyk, Pawel "]
[Black "Zakrzewski, Bartosz"]
[Result "0-1"]
[WhiteTitle ""]
[BlackTitle ""]
[WhiteElo "1811"]
[BlackElo "1533"]

1. d4 Nf6 2. c4 e6 3. Nc3 c5 4. Nf3 d5 5. cxd5 exd5 6. e3 Be7 7. Bb5+ Nc6 8. Ne5
Bd7 9. Qa4 Qc7 10. Nxd7 Qxd7 11. O-O O-O 12. dxc5 Bxc5 13. Rd1 Qe6 14. Bxc6 bxc6
15. b3 Rfd8 16. Bb2 Ng4 17. Rf1 d4 18. exd4 Rxd4 19. Qa5 Qe5 20. g3 Rd2 21. b4
Bxf2+ 22. Rxf2 Qxa5 23. bxa5 Nxf2 24. Bc1 Nh3+ 25. Kh1 Rc2 26. Nd1 Re8 27. Be3
Re2 28. a4 R2xe3 29. Nxe3 Rxe3 30. Rb1 g5 31. Kg2 g4 32. Rb7 Ra3 33. Rb4 f5 34.
Rc4 Kf7 35. Rxc6 Rxa4 36. Rc7+ Kg6 37. Rxa7 Ra2+ 38. Kh1 Ra1+ 0-1

[Event "XXVI Miedzynarodowy Festiwal Szachowy w Poznaniu - OPEN A"]
[Site "Poznan"]
[Date "2018-08-23"]
[Round "6.28"]
[White "Zurawski, Kamil"]
[Black "Szymanski, Zbigniew"]
[Result "1/2-1/2"]
[WhiteTitle ""]
[BlackTitle ""]
[WhiteElo "1690"]
[BlackElo "1804"]

1. e4 c5 2. Nf3 e6 3. b3 Nc6 4. Bb2 a6 5. c4 d6 6. Be2 Nf6 7. Nc3 Nd4 8. d3 Be7
9. O-O O-O 10. Qd2 Qc7 11. Nxd4 cxd4 12. Nd1 e5 13. h3 b5 14. Rc1 Qb6 15. Ba3
Bd7 16. f4 Rfe8 17. c5 Qb8 18. c6 Bc8 19. g4 Qb6 20. Kh2 h6 21. Rg1 Nh7 22. g5
hxg5 23. fxg5 g6 24. h4 Ra7 25. Nf2 Rc7 26. Ng4 Bxg4 27. Bxg4 Rxc6 28. Bd7 Rxc1
29. Rxc1 Rd8 30. Bc6 Rc8 31. Bd5 Rc7 32. Bb4 Rxc1 33. Qxc1 Qd8 34. Qc6 Kg7 35.
Qxa6 f6 36. a4 fxg5 37. hxg5 Qf8 38. Be1 Qf4+ 39. Kg2 Nxg5 40. Qc8 Qf3+ 41. Kg1
Qe3+ 42. Kf1 Qxd3+ 43. Kg2 Qe2+ 44. Bf2 Qf3+ 45. Kf1 Qd1+ 46. Kg2 Qf3+ 47. Kf1
Qd1+ 48. Kg2 Qf3+ 49. Kf1 1/2-1/2

[Event "XXVI Miedzynarodowy Festiwal Szachowy w Poznaniu - OPEN A"]
[Site "Poznan"]
[Date "2018-08-23"]
[Round "6.29"]
[White "Czarnolewski, Piotr"]
[Black "Chaczynski, Kamil"]
[Result "1-0"]
[WhiteTitle ""]
[BlackTitle ""]
[WhiteElo "1634"]
[BlackElo "1760"]

1. Nf3 Nf6 2. g3 d5 3. Bg2 Bg4 4. d3 c6 5. O-O Nbd7 6. Nbd2 e5 7. e4 Bc5 8. h3
Bxf3 9. Qxf3 Qc7 10. c3 dxe4 11. dxe4 O-O-O 12. b4 Be7 13. a4 Nf8 14. Nc4 Ng6
15. Be3 c5 16. b5 Rd3 17. Rfc1 Rdd8 18. a5 Qd7 19. Bf1 h5 20. Qf5 Nxe4 21. Qxe4
f5 22. Qc2 Qe6 23. a6 b6 24. Rd1 Rdf8 25. Rd2 e4 26. Rad1 Rf6 27. Bg5 Rhf8 28.
Bxf6 Rxf6 29. Ne3 Ne5 30. Be2 f4 31. Qxe4 Nf3+ 32. Qxf3 1-0